News reporting and writing / (Record no. 2545)

000 -LEADER
fixed length control field 03289cam a2200481 a 4500
001 - CONTROL NUMBER
control field 1147087
003 - CONTROL NUMBER IDENTIFIER
control field OSt
005 - DATE AND TIME OF LATEST TRANSACTION
control field 20180117085943.0
008 - FIXED-LENGTH DATA ELEMENTS--GENERAL INFORMATION
fixed length control field 960814s1997 wiua b 001 0 eng
010 ## - LIBRARY OF CONGRESS CONTROL NUMBER
LC control number 95083695
020 ## - INTERNATIONAL STANDARD BOOK NUMBER
International Standard Book Number 069728901X
040 ## - CATALOGING SOURCE
Original cataloging agency DLC
Transcribing agency DLC
Modifying agency DLC
050 00 - LIBRARY OF CONGRESS CALL NUMBER
Classification number PN4781
Item number .M4 1997
082 00 - DEWEY DECIMAL CLASSIFICATION NUMBER
Classification number 070.4/3
Edition number 20
100 1# - MAIN ENTRY--PERSONAL NAME
Personal name Mencher, Melvin.
245 10 - TITLE STATEMENT
Title News reporting and writing /
Statement of responsibility, etc. Melvin Mencher.
250 ## - EDITION STATEMENT
Edition statement 7th ed.
260 ## - PUBLICATION, DISTRIBUTION, ETC.
Place of publication, distribution, etc. Madison, WI :
Name of publisher, distributor, etc. Brown & Benchmark Publishers,
Date of publication, distribution, etc. c1997.
300 ## - PHYSICAL DESCRIPTION
Extent xx, 711 p. :
Other physical details ill. ;
Dimensions 24 cm.
504 ## - BIBLIOGRAPHY, ETC. NOTE
Bibliography, etc. note Includes bibliographical references and indexes.
650 #0 - SUBJECT ADDED ENTRY--TOPICAL TERM
Topical term or geographic name entry element Reporters and reporting.
650 #0 - SUBJECT ADDED ENTRY--TOPICAL TERM
Topical term or geographic name entry element Journalism
General subdivision Authorship.
650 #0 - SUBJECT ADDED ENTRY--TOPICAL TERM
Topical term or geographic name entry element Report writing.
906 ## - LOCAL DATA ELEMENT F, LDF (RLIN)
a 7
b cbc
c orignew
d 3
e opcn
f 19
g y-gencatlg
942 ## - ADDED ENTRY ELEMENTS (KOHA)
Source of classification or shelving scheme
Koha item type Book
Holdings
Withdrawn status Lost status Source of classification or shelving scheme Damaged status Not for loan Permanent Location Current Location Shelving location Date acquired Total Checkouts Full call number Barcode Date last seen Price effective from Koha item type
          Central Library (CL) Central Library (CL) First Floor - Journalism 01/26/2016   302.23 MEN S3H-N-11 01/26/2016 01/26/2016 Book
          Central Library (CL) Central Library (CL) First Floor - Journalism 03/11/2016   302.23 MEN S3H-N-12 03/11/2016 03/11/2016 Book
          Central Library (CL) Central Library (CL) First Floor - Journalism 03/17/2016   302.23 MEN S3H-N-10 03/17/2016 03/17/2016 Book
          Central Library (CL) Central Library (CL) First Floor - Journalism 03/17/2016   302.23 MEN S3H-N-13 03/17/2016 03/17/2016 Book
          Central Library (CL) Central Library (CL) First Floor - Journalism 03/17/2016   302.23 MEN S3H-N-14 03/17/2016 03/17/2016 Book
          Central Library (CL) Central Library (CL) First Floor - Journalism 03/17/2016   302.23 MEN S3H-N-15 03/17/2016 03/17/2016 Book
          Central Library (CL) Central Library (CL) First Floor - Journalism 03/17/2016   302.23 MEN S3H-N-16 03/17/2016 03/17/2016 Book
          Central Library (CL) Central Library (CL) First Floor - Journalism 03/17/2016   302.23 MEN S3H-N-17 03/17/2016 03/17/2016 Book
          Central Library (CL) Central Library (CL) First Floor - Journalism 03/17/2016   302.23 MEN S3H-N-18 03/17/2016 03/17/2016 Book
          Central Library (CL) Central Library (CL) First Floor - Journalism 03/17/2016   302.23 MEN S3H-N-19 03/17/2016 03/17/2016 Book
          Central Library (CL) Central Library (CL) First Floor - Journalism 03/17/2016   302.23 MEN S3H-N-20 03/17/2016 03/17/2016 Book
          Central Library (CL) Central Library (CL) First Floor - Journalism 03/17/2016   302.23 MEN S3H-N-21 03/17/2016 03/17/2016 Book
          Central Library (CL) Central Library (CL) First Floor - Journalism 03/17/2016   302.23 MEN S3H-N-22 03/17/2016 03/17/2016 Book
          Central Library (CL) Central Library (CL) First Floor - Journalism 03/17/2016   302.23 MEN S3H-N-23 03/17/2016 03/17/2016 Book
          Central Library (CL) Central Library (CL) First Floor - Journalism 03/17/2016   302.23 MEN S3H-N-24 03/17/2016 03/17/2016 Book
          Central Library (CL) Central Library (CL) First Floor - Journalism 03/17/2016   302.23 MEN S3H-N-25 03/17/2016 03/17/2016 Book
          Central Library (CL) Central Library (CL) First Floor - Journalism 05/31/2018   302.23 MEN S3H-N-331 05/31/2018 05/31/2018 Book
© 2023 Central Library, National University of Sciences and Technology. All Rights Reserved.